01514nam a22003617a 4500003000500000005001700005008004100022010000800063011000900071035000800080040000900088090001000097100004300107245011400150260010200264300001000366500001000376502011300386590003700499590004100536590004100577590004100618590004200659650003400701650003700735901000700772942000900779949003900788949005300827999001300880952013300893952012601026CHAP20220329132927.0971013s1989 r 00010 d a343 a1315 a491 cCHAP aTesis00aZamorano Mendoza, José Juan.9123546 aVitrificación en brotes de nube (Gypsophila paniculata L.) cv. perfecta en el proceso de micropropagación aPuebla, Pue. :bUniversidad Popular Autónoma del estado de Puebla. Escuela de Fitotecnia,c1989 a60 h. a36-51 aTesis (Ing. Agr. Fitotecnista) -- Universidad Popular Autónoma del Estado de Puebla. Escuela de Fitotecnia aALEPHb10c20130110lUCH01h1205 aBATCH-UPDb10c20130110lUCH01h1601 aBATCH-UPDb10c20130410lUCH01h0958 aBATCH-UPDb10c20130914lUCH01h1558 aCONVERSIONb10c20130109lUCH01h130214aGypsophila paniculata.95206014aPropagación de plantas.992417 aBK cFOLL bBCcTESd-9938eTS1h22519i491si bBCcTESd33724000593059eTS2fc.2h32312i491si c343d343 00102local4053708TESISaBCbBCcPA_TESISd2019-12-31fTESISl0p33724000593059r2019-12-31 00:00:00tc.2w2019-12-31yTESIS 00102local4051708TESISaBCbBCcPA_TESISd2019-12-31fTESISl0oTesisp-9938r2019-12-31 00:00:00w2019-12-31yTESIS